banner-ar

فضالة الخوان فى طيبات الطعام والالوان: صورة من فن الطبخ فى الاندلس والمغرب فى بداية عهد بنى مرين لابن رزين التجيبى, ط 2 / (Record no. 35620)

MARC details
000 -الفاتح
حقل البيانات ثابتة الطول 00695nam a2200181Ia 4500
008 - عناصر البيانات ثابتة الطول - معلومات عامة
حقل البيانات ثابتة الطول 140319s9999 xx 000 0 ara d
040 ## - مصدر الفهرسة
وكالة الفهرسة الأصلية GCL /
وكالة النسخ GCL
082 04 - رقم تصنيف ديوى العشرى
رقم التصنيف 641.7
رقم المادة م ف
100 1# - المدخل الرئيسى - إسم شخصى
الإسم الشخصى احسان عباس
245 10 - بيان العنوان
العنوان فضالة الخوان فى طيبات الطعام والالوان: صورة من فن الطبخ فى الاندلس والمغرب فى بداية عهد بنى مرين لابن رزين التجيبى, ط 2 /
بيان المسئوليه,etc احسان عباس
700 1# - المدخل الاضافى - اسم شخصى
الإسم الشخصى محمد بن شقرون
260 ## - PUBLICATION, DISTRIBUTION, ETC. (IMPRINT)
تاريخ النشر أو التوزيع 1984
300 ## - الوصف المادى
التعداد 312 ص
490 ## - بيان السلسلة
عنوان السلسلة
650 04 - المدخل الاضافى بالموضوع-مصطلح موضوعى
مصطلح موضوعي الاقتصاد المنزلى
942 ## - عناصر المدخل الإضافي( كوها)
مصدر التصنيف او مخطط الترفيف Dewey Decimal Classification
Koha [default] item type كتاب
260 ## - PUBLICATION, DISTRIBUTION, ETC. (IMPRINT)
-- [S.N] :
-- دار الغرب الاسلامى ،
Holdings
حالة التراجع حالة الفقد حالة تلف ليس للاعارة المكان المؤقت الموقع الحالى تاريخ الاكتساب اجمالي اﻻعارات رقم الطلب الباركود تاريخ اخر مشاهدة تاريخ تفعيل السعر نوع وعاء كوها
        مكتبة القاهرة الكبرى مكتبة القاهرة الكبرى 03/26/2014   641.7\م ف 86783 03/26/2014 03/26/2014 كتاب

Powered By

EGPV